Vista normal
Vista MARC
- Verdugo Alonso, Miguel Ángel
Entrada Nombre de persona
Número de registros utilizados en: 11
001 - NÚMERO DE CONTROL
- campo de control: 1263
003 - IDENTIFICADOR DEL NÚMERO DE CONTROL
- campo de control: ES-MaFIAP
005 - FECHA Y HORA DE LA ÚLTIMA TRANSACCIÓN
- campo de control: 20231011151657.0
008 - DATOS DE LONGITUD FIJA
- campo de control de longitud fija: 231011|| aca||aabn | a|a d
040 ## - FUENTE DE LA CATALOGACIÓN
- Centro catalogador/agencia de origen: ES-MaFIAP
- Centro/agencia transcriptor: ES-MaFIAP
100 ## - ENCABEZAMIENTO-NOMBRE DE PERSONA
- Nombre de persona: Verdugo Alonso, Miguel Ángel
670 ## - FUENTE DE DATOS ENCONTRADOS
- Cita de la fuente: Work cat.: (ES-MaFIAP)316: Jornadas Científicas de Investigación sobre Personas con Discapacidad 5ª 1262, Investigación, innovación y cambio : , 2003





